000 00312 a2200109 4500
001 ART_40028
005 20260410161841.0
008 260409a
245 1 0 _aLey Nº 25.344 de emergencias económicas
100 1 _aTorres, Ismael F.
773 0 _tRAP
_g- Año 23, Nº 275 (ago. 2001)
_wREV5941
999 _c24147
_d24147